000
00403nam a22001577a 4500
003
MPLRDC
005
20220104194503.0
008
210129b ||||| |||| 00| 0 eng d
082
_a
DISC
100
_a
简文仁
245
_a
就一招,酸痛立消--1 DISC
_c
250
_a
第一版
260
_a
台湾
_b
天下杂志股份有限公司
_c
2014
650
_a
运动与健康
942
_c
CDA
_o
DISC
999
_c
65703
_d
65693